000 00515nam a2200193Ia 4500
005 20250423100213.0
008 250422s9999 xx 000 0 und d
020 _a0136557961
050 _aTK 454 .G66/
100 _aGoody, Roy W.
245 0 _aMicrosim pspice for windows
250 _a2nd ed.
260 _aUpper Saddle River
260 _bPrentice Hall
260 _c1998
300 _a327 p
650 _aElectric circuits_ Computer simulation Electronic circuits_ Computer simulation
942 _cBK
999 _c32591
_d32591